La universidad iberoamericana en el contexto de la educación superior contemporánea
שמור ב:
| מחבר ראשי: | |
|---|---|
| פורמט: | ספר |
| שפה: | ספרדית |
| יצא לאור: |
Ciudad de México
Universidad Iberoamericana
1979
|
| נושאים: | |
| תגים: |
הוספת תג
אין תגיות, היה/י הראשונ/ה לתייג את הרשומה!
|
MARC
| LEADER | 00000nam a2200000 a 4500 | ||
|---|---|---|---|
| 001 | UCU0564 | ||
| 003 | CL-VaPUC | ||
| 008 | 960322e19790000MX |||||||||||||||||spa|d | ||
| 082 | 0 | 4 | |a 378.72 |b MEN |2 21 |
| 100 | |a Meneses Morales, Ernesto |e autor |9 355852 | ||
| 245 | 1 | 3 | |a La universidad iberoamericana en el contexto de la educación superior contemporánea |
| 300 | |a 304 p | ||
| 942 | |c BK | ||
| 945 | |d 19960322 00:00:00 |a lriquelm | ||
| 260 | |a Ciudad de México |b Universidad Iberoamericana |c 1979 | ||
| 600 | 0 | 7 | |a UNIVERSIDAD IBEROAMERICANA |2 CL-VaPUC |9 354774 |
| 650 | 0 | |a Universidades |9 256317 | |
| 650 | 0 | |a Educación superior |9 223851 | |
| 651 | 0 | |a México |9 255269 | |
| 651 | 0 | |a América Latina |9 255027 | |
| 583 | |a last modification |c 19960322 00:00:00 |k Rodrigo Vera | ||
| 999 | |c 245405 |d 245403 | ||
| 952 | |0 0 |1 0 |4 0 |6 378_720000000000000_MEN_1979 |7 0 |8 P |9 259902 |a BIBEDU |b BIBEDU |c BIBEDU_PB |d 2019-11-19 |i 1638866 |o 378.72 MEN 1979 |p 1638866 |r 2019-11-19 |w 2019-11-19 |y BK |k EDU | ||